000 00833nam a22001817a 4500
005 20250113104310.0
010 _aHIN-129108
020 _a9788171491209
_c400.00
035 _aHN-101454
037 _bDBAD
082 _a398.903
100 _aकृष्णा देवी
_976406
245 _aहरियाणवी लोकोक्तियाँ : समाज भाषा वैज्ञानिक अध्ययन /
_cकृष्णा देवी
260 _aदिल्ली
_bसाहित्य सहकार
_c2021
270 _a29/62- बी, गली नं. 11, विश्वास नगर
_bदिल्ली
_e110032
_k9971307078
_msahityasahakar@gmail.com
300 _a168पृ.
_c23सेमी (सजिल्द)
942 _2ddc
_cHN
_h398.903
_mकृष्णा
999 _c208004
_d208004